[Event "33rd Zalakaros Open 2014"]
[Site "Zalakaros HUN"]
[Date "2014.05.30"]
[Round "8.33"]
[White "Dankhazi, Andras"]
[Black "Terbe, Julianna"]
[Result "1-0"]
[WhiteElo "2203"]
[BlackElo "2130"]
[WhiteFideId "714267"]
[BlackFideId "708780"]
[EventDate "2014.05.23"]
[EventType "swiss"]

1. d4 Nf6 2. c4 g6 3. Nc3 Bg7 4. e4 d6 5. Be2 O-O 6. Be3 c5 7. e5 Ne8 8. dxc5
Bxe5 9. Nf3 Bg7 10. O-O Qa5 11. b4 Qa3 12. Nd5 Nc6 13. Bc1 Bb2 14. Bxb2 Qxb2 15.
b5 Ne5 16. Nxe7+ Kg7 17. cxd6 Be6 18. c5 Nxf3+ 19. Bxf3 Qxb5 20. Qd4+ Nf6 21.
Rfb1 Qa5 22. Bxb7 Rae8 23. a4 Qd8 24. Nc6 Qd7 25. Ne5 Qd8 26. c6 1-0

[Event "33rd Zalakaros Open 2014"]
[Site "Zalakaros HUN"]
[Date "2014.05.30"]
[Round "8.34"]
[White "Kantor, Gergely"]
[Black "Szamoskozi, Gabor"]
[Result "1-0"]
[WhiteTitle "FM"]
[BlackTitle "FM"]
[WhiteElo "2380"]
[BlackElo "2358"]
[WhiteFideId "751499"]
[BlackFideId "719056"]
[EventDate "2014.05.23"]
[EventType "swiss"]

1. d4 Nf6 2. c4 c5 3. d5 e6 4. Nc3 exd5 5. cxd5 d6 6. e4 g6 7. h3 Bg7 8. Nf3 O-O
9. Bd3 Na6 10. O-O Nc7 11. Re1 a6 12. a4 Rb8 13. a5 b5 14. axb6 Rxb6 15. Nd2 Nb5
16. Nc4 Rb8 17. Bg5 h6 18. Bh4 g5 19. Bg3 Ne8 20. e5 dxe5 21. Nxe5 Nxc3 22. bxc3
Rb6 23. Nc6 Rxc6 24. dxc6 Qf6 25. c7 Qxc3 26. Bxa6 Bd4 27. Bxc8 Nxc7 28. Bxc7
Rxc8 29. Rc1 Qb2 30. Bg3 1-0

[Event "33rd Zalakaros Open 2014"]
[Site "Zalakaros HUN"]
[Date "2014.05.30"]
[Round "8.35"]
[White "Juhasz, Barbara"]
[Black "Havanecz, Bianka"]
[Result "1/2-1/2"]
[WhiteTitle "WFM"]
[WhiteElo "2161"]
[BlackElo "2195"]
[WhiteFideId "743585"]
[BlackFideId "704814"]
[EventDate "2014.05.23"]
[EventType "swiss"]

1. e4 c5 2. Nf3 d6 3. d4 cxd4 4. Nxd4 Nf6 5. Nc3 a6 6. Bc4 e6 7. Bb3 b5 8. Bg5
Be7 9. Qf3 Qc7 10. e5 Bb7 11. exd6 Bxd6 12. Qe3 Bc5 13. O-O-O Nc6 14. Qxe6+ fxe6
15. Nxe6 Bb6 16. Rhe1 Qxh2 17. Nxg7+ Kf8 18. Ne6+ Kf7 19. Nf4+ Kg7 20. Bxf6+
Kxf6 21. Rd6+ Kg5 22. Rd5+ Kg4 23. f3+ Kxf4 24. Re4+ Kg3 25. Rg4+ Kf2 26. Rd2+
Kf1 27. Rd1+ Kf2 28. Ne4+ Ke2 29. Rd2+ Ke1 30. Rd1+ 1/2-1/2

[Event "33rd Zalakaros Open 2014"]
[Site "Zalakaros HUN"]
[Date "2014.05.31"]
[Round "9.1"]
[White "Kovalenko, Igor"]
[Black "Bachmann, Axel"]
[Result "1/2-1/2"]
[WhiteTitle "GM"]
[BlackTitle "GM"]
[WhiteElo "2611"]
[BlackElo "2589"]
[WhiteFideId "14117908"]
[BlackFideId "3700488"]
[EventDate "2014.05.23"]
[EventType "swiss"]

1. d4 d5 2. Nf3 c6 3. c4 e6 4. Nbd2 f5 5. g3 Nf6 6. Bg2 Bd6 7. O-O O-O 8. b3 Ne4
9. Bb2 Nd7 10. Qc1 Qe7 11. a4 b6 12. a5 Ba6 13. Ra2 Bb4 14. axb6 axb6 15. Nxe4
fxe4 16. Ne1 Nf6 17. f3 Bd6 18. fxe4 dxe4 19. Nc2 Bb7 20. Rxa8 Rxa8 21. Bh3 Ra5
22. d5 cxd5 23. b4 Ra2 24. Nd4 e5 25. Nf5 Qf8 26. cxd5 Bxd5 27. Nxd6 Qxd6 28.
Qc3 Be6 29. Bg2 b5 30. Kh1 Bc4 31. Re1 e3 32. Qxe5 Qxb4 33. Bc3 Qa3 34. Bf3 Qf8
35. Kg1 Ra3 36. Rd1 b4 37. Bb2 Ra2 38. Qd4 Bf7 39. g4 h6 40. Rc1 Qb8 41. Rc5 b3
42. g5 1/2-1/2

[Event "33rd Zalakaros Open 2014"]
[Site "Zalakaros HUN"]
[Date "2014.05.31"]
[Round "9.2"]
[White "Beliavsky, Alexander G"]
[Black "Kovchan, Alexander"]
[Result "1/2-1/2"]
[WhiteTitle "GM"]
[BlackTitle "GM"]
[WhiteElo "2620"]
[BlackElo "2558"]
[WhiteFideId "14602377"]
[BlackFideId "14103052"]
[EventDate "2014.05.23"]
[EventType "swiss"]

1. Nf3 Nf6 2. c4 g6 3. Nc3 d5 4. cxd5 Nxd5 5. Qb3 Nb6 6. d4 Be6 7. Qc2 Bg7 8. e4
O-O 9. Be3 Bc4 10. Be2 Nc6 11. Rd1 Nb4 12. Qb1 Bxe2 13. Nxe2 Nc4 14. Bc1 f5 15.
Ne5 Bxe5 16. b3 fxe4 17. Qxe4 Bg7 18. bxc4 Nxa2 19. Ba3 a5 20. O-O Qd7 21. Qxb7
Nb4 22. Qe4 Qf5 23. Qxf5 1/2-1/2

[Event "33rd Zalakaros Open 2014"]
[Site "Zalakaros HUN"]
[Date "2014.05.31"]
[Round "9.3"]
[White "Baumegger, Siegfried"]
[Black "Berkes, Ferenc"]
[Result "1/2-1/2"]
[WhiteTitle "IM"]
[BlackTitle "GM"]
[WhiteElo "2469"]
[BlackElo "2665"]
[WhiteFideId "1602829"]
[BlackFideId "718572"]
[EventDate "2014.05.23"]
[EventType "swiss"]

1. c4 e5 2. Nc3 d6 3. g3 g6 4. Bg2 Bg7 5. e3 Nc6 6. Nge2 h5 7. h4 Nge7 8. d3 Bg4
9. f3 Bd7 10. e4 O-O 11. Bg5 f6 12. Be3 f5 13. Bg5 Qe8 14. Qd2 Kh7 15. O-O Rc8
16. Rad1 Ng8 17. Nd5 Nh6 18. b4 Nd8 19. exf5 Nxf5 20. g4 Nh6 1/2-1/2

[Event "33rd Zalakaros Open 2014"]
[Site "Zalakaros HUN"]
[Date "2014.05.31"]
[Round "9.4"]
[White "Onischuk, Vladimir"]
[Black "Rapport, Richard"]
[Result "1/2-1/2"]
[WhiteTitle "GM"]
[BlackTitle "GM"]
[WhiteElo "2594"]
[BlackElo "2701"]
[WhiteFideId "14114038"]
[BlackFideId "738590"]
[EventDate "2014.05.23"]
[EventType "swiss"]

1. Nf3 e6 2. g3 f5 3. Bg2 Nf6 4. O-O Be7 5. d3 O-O 6. Nc3 Bb4 7. Na4 d5 8. c4 c6
9. a3 Bd6 10. b4 e5 11. Bb2 Qe8 12. cxd5 cxd5 13. Rc1 Nc6 14. b5 Nd8 15. Qb3 Kh8
16. d4 e4 17. Ne5 Bd7 18. Nc3 Be6 19. Nd1 Qh5 20. f3 Nf7 21. Ne3 Rae8 22. f4 g5
23. Qc3 Qh6 24. Rf2 Nh5 25. Nxf7+ Rxf7 26. Nc4 dxc4 27. d5+ Rg7 28. fxg5 Qxg5
29. dxe6 f4 30. Qxc4 fxg3 31. Bxg7+ Kxg7 32. Rf7+ Kh6 33. h3 Nf6 34. Rf1 Bc5+
35. Kh1 Bf2 36. Rxb7 Qe5 37. e3 Bxe3 38. Rc7 Bf2 39. Rc6 e3 40. Qe2 Rxe6 41.
Rfc1 Rd6 42. Rxd6 Qxd6 43. Rc6 Qe5 44. Bf3 g2+ 45. Bxg2 Kg7 46. Rc1 h5 47. Qf3
Ne4 48. Bf1 Ng3+ 49. Kg2 Nf5 50. Kh1 Ng3+ 51. Kg2 Nf5 52. Kh1 Ng3+ 53. Kg2 Nf5
54. Kh1 Ng3+ 55. Kg2 Ne4 56. Bd3 e2 57. Bxe4 e1=N+ 58. Rxe1 Bxe1 59. a4 Ba5 60.
Bd3 Qg5+ 61. Kf1 Qc1+ 62. Kg2 1/2-1/2

[Event "33rd Zalakaros Open 2014"]
[Site "Zalakaros HUN"]
[Date "2014.05.31"]
[Round "9.5"]
[White "Jones, Gawain C B"]
[Black "Banusz, Tamas"]
[Result "1-0"]
[WhiteTitle "GM"]
[BlackTitle "GM"]
[WhiteElo "2645"]
[BlackElo "2609"]
[WhiteFideId "409561"]
[BlackFideId "722413"]
[EventDate "2014.05.23"]
[EventType "swiss"]

1. e4 e5 2. Nf3 Nc6 3. Nc3 Nf6 4. d4 exd4 5. Nxd4 Bc5 6. Be3 Bb6 7. Qd2 O-O 8.
O-O-O Ng4 9. Nxc6 bxc6 10. Bxb6 axb6 11. h3 Nf6 12. g4 d6 13. f4 Nd7 14. Kb1 b5
15. g5 b4 16. Ne2 Nc5 17. Bg2 Be6 18. b3 Qb8 19. Qd4 Ra5 20. Nc1 Qb7 21. h4 Bg4
22. Rd2 Ne6 23. Qe3 g6 24. Rf1 Re8 25. Qg3 Bh5 26. f5 Ng7 27. Rdf2 Qb6 28. Qd3
Rae5 29. Bf3 Bxf3 30. fxg6 hxg6 31. Qxf3 R8e7 32. Re2 Qd4 33. Rfe1 d5 34. Qd3
Qc5 35. exd5 Rxe2 36. Rxe2 Rxe2 37. Nxe2 cxd5 38. Nd4 Qe7 39. Nc6 Qe1+ 40. Kb2
Qxh4 41. Qd2 Ne6 42. Nxb4 Qh8+ 43. Kb1 Qh1+ 44. Kb2 Qh8+ 45. c3 d4 46. a4 Qe5
47. Nc6 dxc3+ 48. Qxc3 Qxg5 49. a5 Nc5 50. Ka3 Ne4 51. Qc2 Nd6 52. a6 Qe3 53.
Kb2 Nb5 54. Qc4 Qf2+ 55. Kc1 Qb6 56. Nd8 Qg1+ 57. Kb2 Qf2+ 58. Kc1 Qe1+ 59. Kb2
Qd2+ 60. Ka1 Qe1+ 61. Kb2 Qd2+ 62. Ka1 Qa5+ 1-0

[Event "33rd Zalakaros Open 2014"]
[Site "Zalakaros HUN"]
[Date "2014.05.31"]
[Round "9.6"]
[White "Erdos, Viktor"]
[Black "Horvath, Jozsef1"]
[Result "1-0"]
[WhiteTitle "GM"]
[BlackTitle "GM"]
[WhiteElo "2651"]
[BlackElo "2507"]
[WhiteFideId "719978"]
[BlackFideId "700061"]
[EventDate "2014.05.23"]
[EventType "swiss"]

1. c4 c5 2. Nf3 Nc6 3. Nc3 g6 4. e3 Bg7 5. d4 d6 6. Be2 Nf6 7. O-O O-O 8. d5 Na5
9. e4 Bg4 10. Ng5 Bd7 11. f4 Qc7 12. Kh1 a6 13. e5 dxe5 14. fxe5 Qxe5 15. Bf4
Qd4 16. Qe1 h6 17. Nh3 Bxh3 18. gxh3 e5 19. dxe6 Qd8 20. Qg3 Nc6 21. Bd6 Ne7 22.
Bxc5 fxe6 23. Qe3 Rf7 24. Qxe6 Qc8 25. Qxc8+ Rxc8 26. Bg1 Nf5 27. c5 Kh8 28.
Rae1 Re7 29. Bf3 Rcc7 30. Bf2 Kh7 31. b4 h5 32. Rxe7 Rxe7 33. Re1 Rd7 34. Rd1
Rf7 35. Ne4 Nxe4 36. Bxe4 Ne7 37. Kg2 Nc6 38. Rd6 Rf6 39. Rd7 Rf4 40. Bxc6 bxc6
41. Bg3 Rf5 42. Ra7 g5 43. Rxa6 h4 44. Be1 Re5 45. Bf2 Re2 46. Kf3 Rb2 47. a3
Rb3+ 48. Kg4 Bb2 49. Rxc6 Bxa3 50. Rb6 1-0

[Event "33rd Zalakaros Open 2014"]
[Site "Zalakaros HUN"]
[Date "2014.05.31"]
[Round "9.7"]
[White "Donchenko, Alexander"]
[Black "Gonda, Laszlo"]
[Result "1/2-1/2"]
[WhiteTitle "IM"]
[BlackTitle "GM"]
[WhiteElo "2498"]
[BlackElo "2563"]
[WhiteFideId "24603295"]
[BlackFideId "720852"]
[EventDate "2014.05.23"]
[EventType "swiss"]

1. d4 d5 2. c4 c6 3. Nf3 Nf6 4. Nc3 e6 5. Bg5 Nbd7 6. e3 Qa5 7. cxd5 Nxd5 8. Qd2
Bb4 9. Rc1 c5 10. a3 Bxc3 11. bxc3 h6 12. Bh4 b6 13. c4 Qxd2+ 14. Nxd2 Ne7 15.
f3 Bb7 16. Be2 Rc8 17. O-O g5 18. Bf2 Ng6 19. Ne4 Ke7 20. Bg3 cxd4 21. Bd6+ Kd8
22. exd4 f5 23. Ng3 h5 24. d5 h4 25. dxe6 hxg3 26. exd7 gxh2+ 27. Bxh2 Kxd7 28.
Rfd1+ Ke7 29. Bd6+ Kf6 30. Bb4 Rhd8 31. Rxd8 Rxd8 32. c5 Nf4 33. Bb5 bxc5 34.
Rxc5 Nd5 35. Bd2 f4 36. Bd3 Ne3 37. Bc3+ Ke6 38. Re5+ Kf7 39. Be2 Rc8 40. Bd4
Rc2 41. Bxe3 Rxe2 42. Bxf4 Rxe5 1/2-1/2

[Event "33rd Zalakaros Open 2014"]
[Site "Zalakaros HUN"]
[Date "2014.05.31"]
[Round "9.8"]
[White "Bokros, Albert"]
[Black "Antal, Gergely"]
[Result "0-1"]
[WhiteTitle "IM"]
[BlackTitle "GM"]
[WhiteElo "2461"]
[BlackElo "2529"]
[WhiteFideId "710458"]
[BlackFideId "717312"]
[EventDate "2014.05.23"]
[EventType "swiss"]

1. e4 c6 2. d4 d5 3. e5 c5 4. dxc5 Nc6 5. Bf4 e6 6. Nf3 Bxc5 7. c3 Nge7 8. Bd3
Ng6 9. Bg3 O-O 10. b4 Bb6 11. b5 Nce7 12. O-O Nf5 13. Qd2 Nxg3 14. hxg3 Bd7 15.
Qe2 Rc8 16. c4 Qc7 17. Nbd2 Ba5 18. Rac1 Qb6 19. a4 Bb4 20. Nb3 a6 21. c5 Qa7
22. bxa6 Bxa4 23. axb7 Qxb7 24. Ba6 Qb8 25. Rb1 Rc7 26. Nbd4 Rxc5 27. Qb2 Ra5
28. Bd3 Nxe5 29. Nxe5 Qxe5 30. Qxb4 Raa8 31. Rfe1 Qf6 32. Nf3 Rfc8 33. Ne5 Be8
34. Qf4 Qxf4 35. gxf4 Rc7 36. Rec1 Rca7 37. Bb5 f6 38. Bxe8 Rxe8 39. Nc6 Rd7 40.
Nd4 Kf7 41. Rb6 e5 42. fxe5 Rxe5 43. Rbc6 h5 44. Rc7 Ree7 45. Rxd7 Rxd7 46. Rc6
g5 47. Ra6 h4 48. f4 Re7 49. fxg5 fxg5 50. Nf3 g4 51. Nxh4 g3 52. Kf1 Re4 53.
Nf3 Rb4 54. Rd6 Rb1+ 55. Ke2 Rb2+ 56. Nd2 Rb5 57. Kf3 Ke7 58. Rg6 Rb2 59. Ke2
Ra2 60. Rxg3 Kf6 61. Rd3 Ra5 62. Kf3 Ke5 63. Re3+ Kf5 64. g4+ Kf6 65. Kg3 Ra1
66. Nf3 Rd1 67. Kf4 d4 68. Re4 d3 69. Rd4 Kg6 70. Rd6+ Kg7 71. Ke4 0-1

[Event "33rd Zalakaros Open 2014"]
[Site "Zalakaros HUN"]
[Date "2014.05.31"]
[Round "9.9"]
[White "Medvegy, Zoltan"]
[Black "Czebe, Attila"]
[Result "0-1"]
[WhiteTitle "GM"]
[BlackTitle "GM"]
[WhiteElo "2522"]
[BlackElo "2409"]
[WhiteFideId "708402"]
[BlackFideId "705268"]
[EventDate "2014.05.23"]
[EventType "swiss"]

1. Nf3 c5 2. c4 Nc6 3. Nc3 g6 4. g3 Bg7 5. Bg2 e6 6. d3 Nge7 7. Bg5 h6 8. Bd2 d5
9. O-O b6 10. a3 Bb7 11. Rb1 dxc4 12. dxc4 Na5 13. Qc2 Nf5 14. Ne4 Nb3 15. Bc3
O-O 16. Rfd1 Qe7 17. Bxg7 Kxg7 18. e3 Rad8 19. Ne5 Na5 20. Qc3 Bxe4 21. Bxe4 Qf6
22. Bf3 Nd6 23. b3 Nf5 24. Rdc1 Rc8 25. Qb2 Nxb3 26. Rd1 Rc7 27. Nc6 Na5 28.
Nxa5 bxa5 29. Qxf6+ Kxf6 30. Rb5 Ke7 31. Rxa5 Nd6 32. Rc1 Rb8 33. Ra6 Rb6 34.
Rxb6 axb6 35. Be2 Ra7 36. Rc3 Kd7 37. Kg2 Kc6 38. Bf3+ Kc7 39. Be2 Ra4 40. Kf3
f5 41. Kf4 Ne4 42. Rb3 Nd2 43. Rb2 Nxc4 44. Bxc4 Rxc4+ 45. Ke5 Ra4 46. Rb3 Kc6
47. Kf6 c4 48. Rc3 Kc5 49. Kxg6 Ra8 50. h4 Rd8 51. Rc1 Rd2 52. Kxh6 Rxf2 53. Kg5
Rf3 54. Rg1 Rxe3 55. h5 Rxa3 56. Kf6 b5 57. h6 b4 58. h7 Ra8 59. Ra1 Rh8 60. Ra7
c3 0-1

[Event "33rd Zalakaros Open 2014"]
[Site "Zalakaros HUN"]
[Date "2014.05.31"]
[Round "9.11"]
[White "Portisch, Lajos"]
[Black "Horvath, Adam1"]
[Result "0-1"]
[WhiteTitle "GM"]
[BlackTitle "GM"]
[WhiteElo "2464"]
[BlackElo "2531"]
[WhiteFideId "700037"]
[BlackFideId "708003"]
[EventDate "2014.05.23"]
[EventType "swiss"]

1. d4 Nf6 2. c4 e6 3. Nf3 Bb4+ 4. Bd2 a5 5. g3 d5 6. a3 Be7 7. Bg2 O-O 8. Qc2 c6
9. O-O Nbd7 10. Bf4 Nh5 11. Bc1 b5 12. cxd5 cxd5 13. Ne5 Bb7 14. Qb3 Nhf6 15.
Qxb5 Ba6 16. Qa4 Nxe5 17. dxe5 Nd7 18. Nc3 Nxe5 19. Rd1 Bf6 20. Rb1 Rc8 21. Bf1
Rc4 22. Qb3 Qa8 23. a4 Rb8 24. Nb5 Rb4 25. Qa2 Bxb5 26. axb5 R4xb5 27. e3 Nf3+
28. Kh1 d4 29. Bg2 Rh5 30. h3 Qe4 31. Qc4 Qxb1 32. Bxf3 Rhb5 33. exd4 Rb3 34.
Bf4 Qf5 35. Bg2 Qb5 36. Qc7 Rf8 37. Bd6 Rd8 38. Ba3 h6 39. Rc1 Rxd4 40. Rc5 Qe2 0-1

[Event "33rd Zalakaros Open 2014"]
[Site "Zalakaros HUN"]
[Date "2014.05.31"]
[Round "9.12"]
[White "Chernyshov, Konstantin"]
[Black "Nagy, Gabor1"]
[Result "1/2-1/2"]
[WhiteTitle "GM"]
[BlackTitle "IM"]
[WhiteElo "2508"]
[BlackElo "2438"]
[WhiteFideId "4117328"]
[BlackFideId "737119"]
[EventDate "2014.05.23"]
[EventType "swiss"]

1. d4 Nf6 2. Bg5 d5 3. e3 c5 4. Bxf6 gxf6 5. c3 Nc6 6. Nd2 e5 7. Ngf3 e4 8. Nh4
cxd4 9. cxd4 f5 10. g3 f4 11. Bb5 f3 12. Rc1 Bd7 13. O-O a6 14. Ba4 Be7 15.
Nhxf3 exf3 16. Nxf3 O-O 17. Ne1 Rc8 18. Bb3 Be6 19. Nd3 Na5 20. Bc2 Bf5 21. Nf4
Qd7 22. Bxf5 Qxf5 23. Nxd5 Bg5 24. Rxc8 Rxc8 25. Nc3 b5 26. e4 Qg6 27. f4 Bd8
28. f5 Qg5 29. Rf4 Kh8 30. e5 Nc4 31. Ne4 Qh6 32. Qe2 Qb6 33. Qf2 f6 34. e6 Be7
35. Kg2 Rd8 36. b3 Na5 37. Nc5 Qc6+ 38. Kh3 Nb7 39. Nxb7 Qxb7 40. Qe2 Rg8 41.
Rg4 Rxg4 42. Qxg4 Qh1 43. Qh5 Qa8 44. Qf7 Qd8 45. g4 a5 46. Kh4 a4 47. h3 a3 48.
Kh5 b4 49. g5 fxg5 50. d5 g4 51. Kxg4 Bh4 52. Qh5 Be7 53. Qf7 Bh4 54. Qh5 Be7 1/2-1/2

[Event "33rd Zalakaros Open 2014"]
[Site "Zalakaros HUN"]
[Date "2014.05.31"]
[Round "9.13"]
[White "Korpa, Bence"]
[Black "Berczes, David"]
[Result "1/2-1/2"]
[WhiteTitle "FM"]
[BlackTitle "GM"]
[WhiteElo "2415"]
[BlackElo "2482"]
[WhiteFideId "706671"]
[BlackFideId "722960"]
[EventDate "2014.05.23"]
[EventType "swiss"]

1. c4 e6 2. Nf3 d5 3. g3 dxc4 4. Qa4+ c6 5. Qxc4 b5 6. Qb3 Bb7 7. a4 a6 8. Bg2
Nd7 9. d4 c5 10. axb5 c4 11. Qc2 axb5 12. Rxa8 Qxa8 13. Nc3 Qa6 14. O-O Ngf6 15.
Ne5 Bxg2 16. Kxg2 Nxe5 17. dxe5 Qc6+ 18. f3 Nd7 19. Bf4 Nc5 20. Ra1 Be7 21. Ra7
Bd8 22. Ne4 O-O 23. Be3 Nd7 24. Qc3 Qd5 25. Qd4 Nxe5 26. Qxd5 exd5 27. Nc3 Nc6
28. Rd7 d4 29. Bxd4 Nxd4 30. Rxd4 Bf6 31. Re4 Bxc3 32. bxc3 Rc8 33. Rd4 Kf8 34.
Rd5 Rb8 35. Rd7 g6 36. Ra7 Rd8 37. Rb7 Rd2 38. Kf2 Rd5 39. e4 Rd3 40. Rxb5 Rxc3
41. g4 Rc2+ 42. Kg3 h6 43. h4 c3 44. Rc5 Rc1 45. e5 g5 46. hxg5 hxg5 47. Kg2 Ke7
48. Rc6 Kd7 49. Rc5 Ke6 50. Kf2 f6 51. exf6 Kxf6 52. Kg2 Ke6 53. Rxg5 Kd6 54.
Rg8 Kd7 55. Rg5 Kd6 1/2-1/2

[Event "33rd Zalakaros Open 2014"]
[Site "Zalakaros HUN"]
[Date "2014.05.31"]
[Round "9.14"]
[White "Romanishin, Oleg M"]
[Black "Gledura, Benjamin"]
[Result "1/2-1/2"]
[WhiteTitle "GM"]
[BlackTitle "FM"]
[WhiteElo "2482"]
[BlackElo "2395"]
[WhiteFideId "14100088"]
[BlackFideId "712779"]
[EventDate "2014.05.23"]
[EventType "swiss"]

1. d4 d5 2. Nf3 Nf6 3. c4 c6 4. e3 Bf5 5. Bd3 Bxd3 6. Qxd3 e6 7. O-O Nbd7 8. Nc3
Bb4 9. Bd2 a5 10. a3 Be7 11. b4 O-O 12. bxa5 Rxa5 13. Rfb1 Ra7 14. a4 Nb6 15.
Ne5 Nxc4 16. Nxc4 dxc4 17. Qxc4 Qa8 18. Qf1 Nd5 19. Qd1 Rd8 20. Nxd5 1/2-1/2

[Event "33rd Zalakaros Open 2014"]
[Site "Zalakaros HUN"]
[Date "2014.05.31"]
[Round "9.15"]
[White "Papp, Gabor1"]
[Black "Csonka, Balazs"]
[Result "0-1"]
[WhiteTitle "GM"]
[BlackTitle "FM"]
[WhiteElo "2580"]
[BlackElo "2361"]
[WhiteFideId "718602"]
[BlackFideId "742910"]
[EventDate "2014.05.23"]
[EventType "swiss"]

1. e4 c6 2. Nc3 d5 3. Nf3 Bg4 4. h3 Bxf3 5. Qxf3 dxe4 6. Nxe4 e6 7. g3 Nd7 8.
Bg2 Ngf6 9. O-O Nxe4 10. Qxe4 Nf6 11. Qe2 Be7 12. b4 a6 13. Rb1 O-O 14. a4 Qd7
15. b5 axb5 16. axb5 Rfd8 17. bxc6 bxc6 18. Rd1 Rab8 19. Bb2 c5 20. Bc3 h6 21.
Rxb8 Rxb8 22. Ra1 Rd8 23. Ba5 Rb8 24. c4 Ne8 25. Qe5 Qd6 26. Bc3 Bf6 27. Qxd6
Nxd6 28. Bxf6 gxf6 29. d3 Nf5 30. Ra7 Nd4 31. Rc7 Rb1+ 32. Kh2 Rb2 33. Rxc5 Rxf2
34. Rc8+ Kg7 35. Rd8 Nf3+ 36. Kh1 Ne1 37. Ba8 Rd2 38. d4 e5 39. c5 f5 40. g4 e4
41. Kg1 Nf3+ 42. Kf1 Kf6 43. gxf5 Kxf5 44. Re8 Nh2+ 45. Ke1 Nf3+ 46. Kf1 Rxd4
47. Kf2 Ne5 48. Rh8 Rd2+ 49. Kg3 e3 50. Bf3 e2 51. Bg4+ Kg6 0-1

[Event "33rd Zalakaros Open 2014"]
[Site "Zalakaros HUN"]
[Date "2014.05.31"]
[Round "9.16"]
[White "Havasi, Gergo"]
[Black "Horvath, Csaba"]
[Result "1-0"]
[BlackTitle "GM"]
[WhiteElo "2302"]
[BlackElo "2560"]
[WhiteFideId "760293"]
[BlackFideId "700118"]
[EventDate "2014.05.23"]
[EventType "swiss"]

1. e4 g6 2. d4 Bg7 3. Nc3 a6 4. f4 d6 5. Nf3 Nd7 6. Bd3 c5 7. dxc5 Nxc5 8. O-O
Bxc3 9. bxc3 Nf6 10. Qe1 d5 11. exd5 Qxd5 12. Ba3 Be6 13. Qe3 b6 14. Nd4 Ng4 15.
Qe2 Qh5 16. h3 Nf6 17. Qxh5 Nxh5 18. Bxc5 bxc5 19. Nxe6 fxe6 20. g4 Nf6 21. Rae1
Kd7 22. Re5 Nd5 23. c4 Nb4 24. Be4 Rac8 25. Rd1+ Ke8 26. a3 Na2 27. Rxe6 Nc3 28.
Re1 Nxe4 29. R1xe4 Rc7 30. Rxa6 Kf7 31. Re5 Rb8 32. Ra5 Rb1+ 33. Kf2 Rc1 34. Re2
Rc6 35. Kg3 Rg1+ 36. Kh4 h6 37. Ra7 Re6 38. Rxe6 Kxe6 39. Ra6+ Kf7 40. Rc6 Rg2
41. Rxc5 Rxc2 42. a4 Rc3 43. a5 Ra3 44. g5 hxg5+ 45. fxg5 Ke6 46. Kg4 Kd6 47.
Rb5 e6 48. Rb6+ Ke5 49. a6 Ra4 50. Rc6 Ra1 51. h4 Ra2 52. Rc7 Rxa6 53. Rg7 Rc6
54. Rxg6 Rxc4+ 55. Kh5 Rc8 56. Rg7 Kf4 57. Kg6 e5 58. h5 Rc6+ 59. Kh7 e4 60. g6
Kg5 61. Re7 Kxh5 62. Re5+ Kg4 63. g7 Kf4 64. Rxe4+ Kxe4 65. g8=Q Kd4 66. Qd8+
Kc5 67. Kg7 Rd6 68. Qa5+ Kc4 69. Kf7 Rd3 70. Ke6 Re3+ 71. Kd6 Rd3+ 72. Kc6 Kd4
73. Qf5 Rc3+ 74. Kd6 Re3 75. Qf4+ Kd3 76. Kd5 Ke2 77. Kd4 Ra3 78. Qe4+ Kd2 79.
Qg2+ Kc1 80. Kc4 Kd1 81. Qf2 Kc1 82. Qe2 Kb1 83. Kb4 Ra2 84. Qd1+ Kb2 85. Qd3
Kc1 86. Qf1+ Kc2 87. Qf3 Kb1 88. Qd1+ Kb2 89. Qd5 Kb1 90. Kb3 Rb2+ 91. Ka3 1-0

[Event "33rd Zalakaros Open 2014"]
[Site "Zalakaros HUN"]
[Date "2014.05.31"]
[Round "9.17"]
[White "Hoang, Thanh Trang"]
[Black "Ekdyshman, Mikhail"]
[Result "1/2-1/2"]
[WhiteTitle "GM"]
[BlackTitle "IM"]
[WhiteElo "2509"]
[BlackElo "2351"]
[WhiteFideId "12400149"]
[BlackFideId "4149416"]
[EventDate "2014.05.23"]
[EventType "swiss"]

1. d4 d5 2. Nf3 Nc6 3. Bf4 Bg4 4. e3 e6 5. c4 Bb4+ 6. Nc3 Nge7 7. Rc1 O-O 8. Bd3
Ng6 9. Bg3 dxc4 10. Bxc4 e5 11. dxe5 Qxd1+ 12. Kxd1 Ngxe5 13. Be2 Rad8+ 14. Ke1
Nd3+ 15. Bxd3 Rxd3 16. Ke2 Rd7 17. Rhd1 Rfd8 18. Rxd7 Rxd7 19. Rd1 Rxd1 20. Kxd1
Bxc3 21. bxc3 Be6 22. a3 Na5 23. Bxc7 Nc4 24. Bb8 a6 25. a4 Bd7 26. Ne5 Bxa4+
27. Kc1 Nxe5 28. Bxe5 Bc6 29. g3 f6 30. Bd6 Kf7 31. Kd2 Ke6 32. Bf8 g6 33. Kd3
Kf5 34. Be7 a5 35. c4 a4 36. f4 Be4+ 37. Kd4 Bg2 38. Kc3 Ke6 39. Ba3 Kf5 40. Be7
Bc6 41. Kd4 Kg4 42. Bxf6 Kh3 43. g4 Kxg4 44. h4 Kf3 45. Bg5 a3 46. Kc3 Ba4 47.
c5 Ke4 48. Bh6 Bd1 49. Bg5 Kd5 50. Be7 Ke6 51. Bf8 Kf7 52. Bd6 Ke6 53. Bf8 a2
54. Kb2 Bb3 55. e4 Bc4 56. Bh6 Bd3 57. f5+ gxf5 58. exf5+ Kxf5 59. Kxa2 1/2-1/2

[Event "33rd Zalakaros Open 2014"]
[Site "Zalakaros HUN"]
[Date "2014.05.31"]
[Round "9.18"]
[White "Almasi, Istvan"]
[Black "Tolnai, Tibor"]
[Result "1/2-1/2"]
[WhiteTitle "IM"]
[BlackTitle "GM"]
[WhiteElo "2403"]
[BlackElo "2469"]
[WhiteFideId "701742"]
[BlackFideId "700126"]
[EventDate "2014.05.23"]
[EventType "swiss"]

1. d4 Nf6 2. Nf3 e6 3. Bf4 b6 4. e3 Bb7 5. Bd3 c5 6. c3 Be7 7. O-O O-O 8. h3
cxd4 9. exd4 d6 10. Nbd2 a6 11. Qe2 Nbd7 12. Ne4 Nxe4 13. Bxe4 Bxe4 14. Qxe4 Nf6 1/2-1/2

[Event "33rd Zalakaros Open 2014"]
[Site "Zalakaros HUN"]
[Date "2014.05.31"]
[Round "9.19"]
[White "Fodor, Tamas Jr."]
[Black "Radnai, Adam"]
[Result "1-0"]
[WhiteTitle "GM"]
[BlackTitle "FM"]
[WhiteElo "2462"]
[BlackElo "2329"]
[WhiteFideId "723762"]
[BlackFideId "726702"]
[EventDate "2014.05.23"]
[EventType "swiss"]

1. d4 Nf6 2. c4 g6 3. Nc3 Bg7 4. Nf3 O-O 5. g3 d6 6. Bg2 Nc6 7. O-O a6 8. h3 Rb8
9. e4 b5 10. e5 dxe5 11. dxe5 Qxd1 12. Rxd1 Ne8 13. cxb5 axb5 14. Be3 Bb7 15.
Bc5 f6 16. Nd5 fxe5 17. Ng5 Nd6 18. Ne6 Rfc8 19. Nexc7 Bf8 20. Ne6 Nf5 21. Nb6
Re8 22. Nd7 1-0